000 00777nam a22002535i 4500
001 11973
003 ES-MaACL
005 20250911062822.0
007 t|
008 920925s1992 sp ||||0| spa j
020 _a84-7522-283-8
040 _aM-BN
_bspa
_cM-BN
080 _a839.7(480)-14"19"
100 1 _aSödergran, Edith.
_9107016
245 1 0 _aAntología poética /
_cEdith Södergran ; prólogo, selección y traducción por Jesús Pardo.
260 _aMadrid :
_bVisor,
_c1992.
300 _a151 p ;
_c20 cm.
490 1 _aColección Visor de poesía ;
_v283
700 1 _aPardo, Jesús,
_d1927-2020
_9138804
830 0 _aColección Visor de poesía
_v283
_9177331
852 _aES-MaACL
_jL-19239
_bR.122879
999 _c11973
_d11973